000 00626nam a2200241Ia 4500
003 OSt
005 20220918202008.0
006 a|||||r|||| 00| 0
007 ta
008 220917b |||||||| |||| 00| 0 eng d
024 _a97,978
037 _cTextual
040 _aARTS
_cARTS
_beng
041 _2eng
_aeng
082 _aV2:11(C9BB).N7, M3-;1
100 _aSharma D
_9101672
245 0 _aIndia's nuctear estate
260 _aNew Delhi
_bLancers
_c1983
300 _axii, 195p.
_ccm.
650 _aHISTORY
942 _hV2:11(C9BB).N7, M3-;1
_cTEXL
_2CC
999 _c221572
_d221572